Quiz su Messi - Statistics

Statistiche generali
  • Questo quiz è stato fatto 196 volte
  • Il punteggio medio è 11 su 17
Statistiche sulle risposte
DOMANDE RISPOSTE % Corretto
Squadra con cui è statopiù a lungo Barcellona
96%
Grande rivale storico Cristiano Ronaldo
92%
Anno di nascita 1987
91%
Palloni D'oro 7
91%
In che anno ha vintoil suo primo mondiale 2022
89%
Secondo molti Messi ha origini ________ Italiane
83%
Ha vinto la ____ _______ nel 2021 contro il Brasile Coppa America
82%
Luogo di nascita Rosario
78%
In che annodebuttò in nazionale 2005
76%
Quanti anni è statonel Barcellona 21
75%
Anni debutto al Barcellona(giovanili) 13 anni
73%
Massimo numero di gol in un anno solare 91
72%
Squadra attuale Paris Saint Germain
70%
E' il calciatore che ha vinto più ______. Trofei
39%
Prima squadra nella sua carriera Grandoli
9%
E' il giocatore più ______ della storia del calcio pagato
8%
Primo premio nella sua carriera calcistica Oro Olimpico
3%
Nessun quiz corrispondente trovato
Distribuzione punteggi
Percentuale di utenti per punteggio
Percentile per numero di risposta
I tuoi punteggi nel tempo
Non hai fatto questo quiz